<?xml version="1.0" encoding="UTF-8"?>
<record
    xmlns:xsi="http://www.w3.org/2001/XMLSchema-instance"
    xsi:schemaLocation="http://www.loc.gov/MARC21/slim http://www.loc.gov/standards/marcxml/schema/MARC21slim.xsd"
    xmlns="http://www.loc.gov/MARC21/slim">

  <leader>00767ntaaa2200229   4500</leader>
  <controlfield tag="003">01</controlfield>
  <controlfield tag="005">20251027201152.0</controlfield>
  <controlfield tag="008">0714s1973  ag    01 </controlfield>
  <datafield tag="040" ind1=" " ind2=" ">
    <subfield code="a">AR-BaBN</subfield>
    <subfield code="b">spa</subfield>
    <subfield code="c">AR-BaBN</subfield>
    <subfield code="e">aacr</subfield>
    <subfield code="d">RIC</subfield>
  </datafield>
  <datafield tag="082" ind1=" " ind2=" ">
    <subfield code="a">269 In3e</subfield>
  </datafield>
  <datafield tag="100" ind1=" " ind2=" ">
    <subfield code="a">El informe Willowbank </subfield>
    <subfield code="9">9479</subfield>
  </datafield>
  <datafield tag="110" ind1=" " ind2=" ">
    <subfield code="a">Comit&#xE9; Lausana para la evangelizaci&#xF3;n Mundial </subfield>
    <subfield code="9">9480</subfield>
  </datafield>
  <datafield tag="245" ind1=" " ind2=" ">
    <subfield code="a">Informe de la consulta sobre El evangelio y la cultura / </subfield>
    <subfield code="c">El informe Willowbank</subfield>
  </datafield>
  <datafield tag="250" ind1=" " ind2=" ">
    <subfield code="a">1 ed.</subfield>
  </datafield>
  <datafield tag="260" ind1=" " ind2=" ">
    <subfield code="a">San Jos&#xE9; (CR) : </subfield>
    <subfield code="b">Visi&#xF3;n Mundial Internacional, </subfield>
    <subfield code="c">1978</subfield>
  </datafield>
  <datafield tag="300" ind1=" " ind2=" ">
    <subfield code="a">48 p. ; </subfield>
    <subfield code="c">21 cm</subfield>
  </datafield>
  <datafield tag="500" ind1=" " ind2=" ">
    <subfield code="a">Consulta celebrada en Willowbank, Sommerset Bridge, Bermudas, entre el 6 y el 13 de enero de 1978</subfield>
  </datafield>
  <datafield tag="650" ind1=" " ind2=" ">
    <subfield code="a">EVANGELISMO</subfield>
    <subfield code="9">336</subfield>
  </datafield>
  <datafield tag="650" ind1=" " ind2=" ">
    <subfield code="a">ECUMENISMO</subfield>
  </datafield>
  <datafield tag="650" ind1=" " ind2=" ">
    <subfield code="a">CULTURA</subfield>
    <subfield code="9">2043</subfield>
  </datafield>
  <datafield tag="942" ind1=" " ind2=" ">
    <subfield code="c">BK</subfield>
  </datafield>
  <datafield tag="999" ind1=" " ind2=" ">
    <subfield code="c">5939</subfield>
    <subfield code="d">5939</subfield>
  </datafield>
  <datafield tag="952" ind1=" " ind2=" ">
    <subfield code="0">0</subfield>
    <subfield code="1">0</subfield>
    <subfield code="4">0</subfield>
    <subfield code="7">0</subfield>
    <subfield code="a">BP</subfield>
    <subfield code="b">BP</subfield>
    <subfield code="d">2025-10-27</subfield>
    <subfield code="i">041868</subfield>
    <subfield code="l">0</subfield>
    <subfield code="o">269 In3e</subfield>
    <subfield code="p">041868</subfield>
    <subfield code="r">2025-10-27 20:11:52</subfield>
    <subfield code="w">2025-10-27</subfield>
    <subfield code="y">BK</subfield>
  </datafield>
  <datafield tag="952" ind1=" " ind2=" ">
    <subfield code="0">0</subfield>
    <subfield code="1">0</subfield>
    <subfield code="4">0</subfield>
    <subfield code="7">0</subfield>
    <subfield code="a">BP</subfield>
    <subfield code="b">BP</subfield>
    <subfield code="d">2025-10-27</subfield>
    <subfield code="i">041869</subfield>
    <subfield code="l">0</subfield>
    <subfield code="o">269 In3e</subfield>
    <subfield code="p">041869</subfield>
    <subfield code="r">2025-10-27 20:11:52</subfield>
    <subfield code="w">2025-10-27</subfield>
    <subfield code="y">BK</subfield>
  </datafield>
  <datafield tag="952" ind1=" " ind2=" ">
    <subfield code="0">0</subfield>
    <subfield code="1">0</subfield>
    <subfield code="4">0</subfield>
    <subfield code="7">0</subfield>
    <subfield code="a">BP</subfield>
    <subfield code="b">BP</subfield>
    <subfield code="d">2025-10-27</subfield>
    <subfield code="i">041870</subfield>
    <subfield code="l">0</subfield>
    <subfield code="o">269 In3e</subfield>
    <subfield code="p">041870</subfield>
    <subfield code="r">2025-10-27 20:11:52</subfield>
    <subfield code="w">2025-10-27</subfield>
    <subfield code="y">BK</subfield>
  </datafield>
  <datafield tag="952" ind1=" " ind2=" ">
    <subfield code="0">0</subfield>
    <subfield code="1">0</subfield>
    <subfield code="4">0</subfield>
    <subfield code="7">0</subfield>
    <subfield code="a">BP</subfield>
    <subfield code="b">BP</subfield>
    <subfield code="d">2025-10-27</subfield>
    <subfield code="i">042973</subfield>
    <subfield code="l">0</subfield>
    <subfield code="o">269 In3e</subfield>
    <subfield code="p">042973</subfield>
    <subfield code="r">2025-10-27 20:11:52</subfield>
    <subfield code="w">2025-10-27</subfield>
    <subfield code="y">RESERVADO</subfield>
  </datafield>
  <datafield tag="952" ind1=" " ind2=" ">
    <subfield code="0">0</subfield>
    <subfield code="1">0</subfield>
    <subfield code="4">0</subfield>
    <subfield code="7">0</subfield>
    <subfield code="a">BP</subfield>
    <subfield code="b">BP</subfield>
    <subfield code="d">2025-10-27</subfield>
    <subfield code="i">042976</subfield>
    <subfield code="l">0</subfield>
    <subfield code="o">269 In3e</subfield>
    <subfield code="p">042976</subfield>
    <subfield code="r">2025-10-27 20:11:52</subfield>
    <subfield code="w">2025-10-27</subfield>
    <subfield code="y">RESERVADO</subfield>
  </datafield>
  <datafield tag="952" ind1=" " ind2=" ">
    <subfield code="0">0</subfield>
    <subfield code="1">0</subfield>
    <subfield code="4">0</subfield>
    <subfield code="7">0</subfield>
    <subfield code="a">BP</subfield>
    <subfield code="b">BP</subfield>
    <subfield code="d">2025-10-27</subfield>
    <subfield code="i">042975</subfield>
    <subfield code="l">0</subfield>
    <subfield code="o">269 In3e</subfield>
    <subfield code="p">042975</subfield>
    <subfield code="r">2025-10-27 20:11:52</subfield>
    <subfield code="w">2025-10-27</subfield>
    <subfield code="y">RESERVADO</subfield>
  </datafield>
  <datafield tag="952" ind1=" " ind2=" ">
    <subfield code="0">0</subfield>
    <subfield code="1">0</subfield>
    <subfield code="4">0</subfield>
    <subfield code="7">0</subfield>
    <subfield code="a">BP</subfield>
    <subfield code="b">BP</subfield>
    <subfield code="d">2025-10-27</subfield>
    <subfield code="i">042974</subfield>
    <subfield code="l">0</subfield>
    <subfield code="o">269 In3e</subfield>
    <subfield code="p">042974</subfield>
    <subfield code="r">2025-10-27 20:11:52</subfield>
    <subfield code="w">2025-10-27</subfield>
    <subfield code="y">RESERVADO</subfield>
  </datafield>
  <datafield tag="952" ind1=" " ind2=" ">
    <subfield code="0">0</subfield>
    <subfield code="1">0</subfield>
    <subfield code="4">0</subfield>
    <subfield code="7">0</subfield>
    <subfield code="a">BP</subfield>
    <subfield code="b">BP</subfield>
    <subfield code="d">2025-10-27</subfield>
    <subfield code="i">039217</subfield>
    <subfield code="l">0</subfield>
    <subfield code="o">269 In3e</subfield>
    <subfield code="p">039217</subfield>
    <subfield code="r">2025-10-27 20:11:52</subfield>
    <subfield code="w">2025-10-27</subfield>
    <subfield code="y">BK</subfield>
  </datafield>
</record>
